| 000 | 00357cam a22001337a 4500 | ||
|---|---|---|---|
| 008 | 180718b1947 xxu||||| |||| 00| 0 eng d | ||
| 082 | _aA72x51 M527 | ||
| 100 | _aMenon, K.P.S. | ||
| 245 |
_aDelhi-Chungking: a travel diary _cby K.P.S. Menon |
||
| 260 |
_aBombay _b _c1947 |
||
| 300 | _a257p. | ||
| 500 | _aRs.12.00 | ||
| 650 | _aChina - Description and Travel | ||
| 999 |
_c373738 _d373738 |
||